| 000 | 01024nam a2200301Ia 4500 | ||
|---|---|---|---|
| 001 | Z_1676 | ||
| 003 | CHAP | ||
| 008 | 220113s1999 xx 000 0 und d | ||
| 010 | _a164768 | ||
| 040 | _cCHAP | ||
| 090 | _aTesis G 1332 | ||
| 100 |
_aGutiérrez Velázquez, Lourdes Yanira _951857 |
||
| 245 |
_aEvaluación de tres antihelmínticos en ovinos en pastoreo y presencia natural de coccidias en la zona de temporal del Valle de Mezquital, Hgo. / _cpor Lourdes Yanira,Gutiérrez Velázquez y Mihail Méndez López |
||
| 260 |
_aChapingo, Méx. : _bEl autor, _c1999 |
||
| 300 | _a84 h. | ||
| 502 | _aTesis (Ing. Agr. Esp. en Zootecnia) -- UACH. Departamento de Zootecnia | ||
| 650 |
_aAntihelmínticos _96059 |
||
| 650 |
_aGanado lanar _xHidalgo |
||
| 650 |
_aGanado lanar _xParásitos _945208 |
||
| 650 |
_aNemátodos parásitos de ovinos _980834 |
||
| 700 |
_aMéndez López, Mihail _9138848 |
||
| 901 | _aTESIS G 1332 | ||
| 902 | _aM | ||
| 910 | _a1999 | ||
| 942 | _c2 | ||
| 942 | _c2 | ||
| 999 |
_c164768 _d164768 |
||